000 00290nam a22001337a 4500
008 210305b ||||| |||| 00| 0 eng d
041 _aeng
080 _a94
082 _294
100 _a18
101 _aSHH
245 _aThe Mainstream of the Modern World
_cTaylor,E
942 _2udc
_cBK
999 _c55800
_d55800